| 000 | 00579nam a2200169Ia 4500 | ||
|---|---|---|---|
| 008 | 140529s9999 xx 000 0 und d | ||
| 020 | _a9781444330274 | ||
| 050 |
_aGV 1043.7 _b.C9 2010 |
||
| 245 |
_aCycling : _bphilosphy for everyone : a philosophical tour de force / _cedited by Jesús Ilundáin-Agurruza, Michael W Austin |
||
| 260 |
_aChichester ; Malden, MA : _bWiley-Blackwell, _cc2010. |
||
| 300 |
_a273 p. ; _c23 cm. |
||
| 440 | _a(Philosophy for everyone). | ||
| 500 | _aIncludes bibliographical references. | ||
| 521 | _aGE | ||
| 942 |
_kFOR _cBK |
||
| 999 |
_c117653 _d117653 |
||